[Event "4NCL/Div3/AD2 vs. CAMB1"]
[Site "Telford ENG"]
[Date "2005.04.17"]
[Round "8.4"]
[White "Garner, David"]
[Black "Westwood, Richard D"]
[Result "1/2-1/2"]
[WhiteElo "2191"]
[BlackElo "2093"]
[PlyCount "94"]
[EventDate "2005.04.17"]
[EventType "team"]
[EventRounds "11"]
[EventCountry "ENG"]
[SourceDate "2004.09.21"]

1. e4 c6 2. d3 d5 3. Nd2 Nf6 4. g3 e5 5. Bg2 dxe4 6. Nxe4 Nxe4 7. Bxe4 f5 8.
Bg2 Be7 9. f4 exf4 10. Bxf4 O-O 11. Qd2 Bf6 12. O-O-O Qb6 13. c3 Be6 14. Kb1
Qa5 15. c4 Qxd2 16. Rxd2 Nd7 17. Nf3 Rfe8 18. Re1 Bf7 19. Rde2 Nc5 20. Rxe8+
Rxe8 21. Rxe8+ Bxe8 22. Kc2 Bh5 23. Be3 Ne6 24. Bxa7 Bxf3 25. Bxf3 Bd4 26. Bb8
Bg1 27. Be5 Bxh2 28. d4 Bxg3 29. Bxc6 bxc6 30. Bxg3 Nxd4+ 31. Kd3 Ne6 32. Bf2
Kf7 33. a4 Ke8 34. b4 Kd7 35. b5 Kc7 36. a5 c5 37. Bg3+ f4 38. Bf2 g5 39. Ke4
g4 40. Bh4 g3 41. Kf3 Nd4+ 42. Kg2 h6 43. Bf6 Ne6 44. Be5+ Kb7 45. Bd6 h5 46.
Be5 h4 47. Bf6 Nd4 1/2-1/2

[Event "4NCL/Div3/AD2 vs. CAMB1"]
[Site "Telford ENG"]
[Date "2005.04.17"]
[Round "8.5"]
[White "Graham, Nick"]
[Black "Churm, Rohan M"]
[Result "0-1"]
[WhiteElo "2000"]
[BlackElo "2178"]
[PlyCount "50"]
[EventDate "2005.04.17"]
[EventType "team"]
[EventRounds "11"]
[EventCountry "ENG"]
[SourceDate "2004.09.21"]

1. d4 d5 2. Nf3 e6 3. Bf4 c5 4. c3 Nf6 5. e3 Nbd7 6. Bd3 b6 7. Nbd2 Bb7 8. Ne5
Be7 9. Qf3 a6 10. g4 Nxe5 11. Bxe5 Bd6 12. Qf4 Bxe5 13. Qxe5 O-O 14. g5 Nd7 15.
Qg3 cxd4 16. exd4 e5 17. O-O-O e4 18. Be2 Rc8 19. Bg4 Bc6 20. h4 Qc7 21. Qh3
Rcd8 22. h5 Qf4 23. g6 f5 24. gxh7+ Kxh7 25. h6 fxg4 0-1

[Event "4NCL/Div3/AD2 vs. CAMB1"]
[Site "Telford ENG"]
[Date "2005.04.17"]
[Round "8.6"]
[White "Hodge, David J"]
[Black "Whitmore, Darren"]
[Result "1-0"]
[WhiteElo "2165"]
[BlackElo "2000"]
[PlyCount "113"]
[EventDate "2005.04.17"]
[EventType "team"]
[EventRounds "11"]
[EventCountry "ENG"]
[SourceDate "2004.09.21"]

1. e4 e5 2. Nf3 d6 3. d4 Nf6 4. Bc4 Be7 5. dxe5 dxe5 6. Qxd8+ Bxd8 7. Nxe5 O-O
8. f3 Nbd7 9. Nxd7 Bxd7 10. Be3 Re8 11. Nc3 c6 12. Kf2 Ba5 13. Ne2 Be6 14. Bxe6
Rxe6 15. Nf4 Re5 16. Bd4 Nxe4+ 17. fxe4 Rxe4 18. Be3 Rae8 19. Bc1 Be1+ 20. Kg1
Ba5 21. g3 g5 22. Nd3 Re2 23. Bxg5 Rxc2 24. Rc1 Rce2 25. Kf1 Kg7 26. b4 Bc7 27.
Re1 Rxe1+ 28. Nxe1 Re4 29. Nd3 Kg6 30. Bc1 Bd6 31. Kf2 Bxb4 32. Kf3 Kf5 33. h3
Rc4 34. Nxb4 Rxb4 35. Re1 Rc4 36. Bf4 Rc2 37. Re7 Kf6 38. Re2 Rc3+ 39. Ke4 Rc4+
40. Kd3 Ra4 41. Kc3 h5 42. h4 Ra5 43. Kb3 Rb5+ 44. Kc2 Ra5 45. Kb2 Rb5+ 46. Ka1
a6 47. Re8 Rd5 48. Bg5+ Kf5 49. Re7 f6 50. Rf7 Rd6 51. Bf4 Rd4 52. Rxb7 Rxf4
53. gxf4 Kxf4 54. Rb6 f5 55. Rxa6 Kg4 56. Rxc6 Kxh4 57. Rc1 1-0

[Event "4NCL/Div3/AD2 vs. CAMB1"]
[Site "Telford ENG"]
[Date "2005.04.17"]
[Round "8.7"]
[White "Pritchard, David"]
[Black "Mutton, Jonathan B"]
[Result "0-1"]
[WhiteElo "1965"]
[BlackElo "2197"]
[PlyCount "88"]
[EventDate "2005.04.17"]
[EventType "team"]
[EventRounds "11"]
[EventCountry "ENG"]
[SourceDate "2004.09.21"]

1. d4 Nf6 2. Nf3 e6 3. e3 b6 4. Bd3 Bb7 5. Nbd2 d6 6. b3 c5 7. Bb2 Be7 8. O-O
O-O 9. Re1 Nbd7 10. c4 Qc7 11. Qc2 e5 12. d5 g6 13. e4 Nh5 14. g3 Ndf6 15. Bf1
Ne8 16. a4 f5 17. exf5 gxf5 18. Bh3 Neg7 19. a5 bxa5 20. Nf1 Bc8 21. Qd2 f4 22.
Bg2 Bg4 23. Nxe5 dxe5 24. d6 Qxd6 25. Qxd6 Bxd6 26. Bxa8 Rxa8 27. Bxe5 Bf8 28.
Rxa5 Ne6 29. Nd2 Rd8 30. f3 Rxd2 31. fxg4 Ng5 32. Rf1 Nh3+ 33. Kh1 fxg3 34.
hxg3 Ng7 35. Rxa7 Nf2+ 36. Kg1 Nh3+ 37. Kh1 Nf2+ 38. Kg1 Nh3+ 39. Kh1 Ne6 40.
Raf7 Nhg5 41. R7f5 Ne4 42. g5 Bg7 43. Kg1 Nd4 44. Bf4 Ne2+ 0-1

[Event "4NCL/Div3/AD2 vs. CAMB1"]
[Site "Telford ENG"]
[Date "2005.04.17"]
[Round "8.8"]
[White "Powell, Annie"]
[Black "McIntosh, Doreen"]
[Result "1-0"]
[WhiteElo "2026"]
[BlackElo "1690"]
[PlyCount "61"]
[EventDate "2005.04.17"]
[EventType "team"]
[EventRounds "11"]
[EventCountry "ENG"]
[SourceDate "2004.09.21"]

1. e4 c5 2. Nf3 Nc6 3. d4 cxd4 4. Nxd4 g6 5. Nc3 Bg7 6. Be3 Nf6 7. f3 O-O 8.
Qd2 d5 9. O-O-O dxe4 10. Nxc6 Qxd2+ 11. Bxd2 bxc6 12. fxe4 Ng4 13. Re1 Be6 14.
Ba6 Rab8 15. h3 Rb6 16. Bf1 Ne5 17. b3 Rb7 18. Na4 Nd7 19. Ba6 Rbb8 20. Be3 Nb6
21. Nc5 Bc8 22. Bd3 a5 23. a4 Bc3 24. Rd1 e5 25. Be2 f5 26. Bf3 Rf6 27. Rd8+
Kf7 28. Rhd1 f4 29. Bf2 g5 30. Bh5+ Ke7 31. Re8# 1-0

[Event "4NCL/Div3/PPA1 vs. WES2"]
[Site "Telford ENG"]
[Date "2005.04.17"]
[Round "8.1"]
[White "Swanson, Stephen"]
[Black "Pleasants, Allan J"]
[Result "1-0"]
[WhiteElo "2276"]
[BlackElo "2065"]
[PlyCount "135"]
[EventDate "2005.04.17"]
[EventType "team"]
[EventRounds "11"]
[EventCountry "ENG"]
[SourceDate "2004.09.21"]

1. e4 c6 2. d3 d5 3. Nd2 e6 4. g3 Nf6 5. Bg2 Be7 6. Ngf3 O-O 7. O-O Qc7 8. Re1
Rd8 9. e5 Nfd7 10. Nf1 h6 11. h4 c5 12. Bf4 Nc6 13. h5 Nf8 14. Qd2 Nd4 15. N1h2
Nh7 16. c3 Nxf3+ 17. Nxf3 Rd7 18. Qe2 b5 19. Nd2 Rb8 20. g4 Bb7 21. d4 cxd4 22.
cxd4 Qb6 23. Nb3 Rc8 24. Rec1 Rc4 25. Be3 Ng5 26. f4 Nh7 27. Qd2 Bb4 28. Qf2
Qd8 29. Bf1 Rxc1 30. Rxc1 a6 31. Bd3 Rc7 32. Rxc7 Qxc7 33. Kh2 Be7 34. Kh3 Bc8
35. Qd2 Kh8 36. Nc1 f6 37. Ne2 fxe5 38. dxe5 Nf8 39. Bb1 Qc4 40. b3 Qc7 41. Qc2
Qxc2 {=} 42. Bxc2 Nd7 43. Bd4 Nc5 44. f5 exf5 45. gxf5 Ne4 46. Bxe4 dxe4 47.
Kg4 Kg8 48. Nf4 Bg5 49. Be3 Bxf4 50. Kxf4 Bb7 51. e6 Bc6 52. Kg4 Bd5 53. Bd4 a5
54. Kf4 Bc6 55. Bb6 a4 56. b4 Be8 57. Kg4 Bc6 58. a3 Be8 59. Be3 Kh7 60. Bd2
Bc6 61. Kf4 Kg8 62. Be3 Be8 63. Kg4 Bc6 64. f6 gxf6 65. Bxh6 Be8 66. Be3 f5+
67. Kg5 Kh7 68. h6 1-0

[Event "4NCL/Div3/PPA1 vs. WES2"]
[Site "Telford ENG"]
[Date "2005.04.17"]
[Round "8.2"]
[White "Rutter, Nicholas"]
[Black "Hagesaether, Halvard"]
[Result "0-1"]
[WhiteElo "2136"]
[BlackElo "2258"]
[PlyCount "78"]
[EventDate "2005.04.17"]
[EventType "team"]
[EventRounds "11"]
[EventCountry "ENG"]
[SourceDate "2004.09.21"]

1. e4 c5 2. Nf3 d6 3. d4 Nf6 4. Nc3 cxd4 5. Nxd4 a6 6. Bg5 e6 7. f4 Be7 8. Qf3
Qc7 9. O-O-O Bd7 10. Bd3 Nc6 11. Nb3 O-O-O 12. Rhe1 h6 13. Bh4 g5 14. fxg5 Ne5
15. Qe2 Nh5 16. Bf2 hxg5 17. h3 Nf4 18. Qf1 Bc6 19. Kb1 Rdg8 20. Bd4 Bf8 21.
Qf2 Kb8 22. Bb6 Qc8 23. Na5 Be7 24. Bf1 Ka8 25. Bd4 f6 26. Be3 Nfg6 27. Qd2 b5
28. Qd4 Qc7 29. a4 Rb8 30. axb5 Bxb5 31. Bxb5 axb5 32. Qb4 d5 33. Nxb5 Qd7 34.
Qa4 Qxb5 35. Qa2 Qa6 36. Rd4 Bb4 37. Bd2 Qxa5 38. Bxb4 Qxa2+ 39. Kxa2 Nc6 0-1

[Event "4NCL/Div3/PPA1 vs. WES2"]
[Site "Telford ENG"]
[Date "2005.04.17"]
[Round "8.3"]
[White "Moore, Gerald"]
[Black "Tunks, Dominic"]
[Result "1/2-1/2"]
[WhiteElo "2242"]
[BlackElo "2135"]
[PlyCount "36"]
[EventDate "2005.04.17"]
[EventType "team"]
[EventRounds "11"]
[EventCountry "ENG"]
[SourceDate "2004.09.21"]

1. Nf3 Nf6 2. c4 b6 3. g3 Bb7 4. Bg2 e6 5. O-O c6 6. d4 d5 7. Nbd2 Nbd7 8. Qc2
Be7 9. e4 O-O 10. e5 Ne8 11. Re1 Rc8 12. cxd5 exd5 13. Nf1 f5 14. exf6 Bxf6 15.
Bf4 g5 16. Be5 Nxe5 17. Nxe5 Rc7 18. Rac1 Ng7 1/2-1/2

[Event "4NCL/Div3/PPA1 vs. WES2"]
[Site "Telford ENG"]
[Date "2005.04.17"]
[Round "8.4"]
[White "Pym, Thomas W"]
[Black "Harley, Andrew"]
[Result "0-1"]
[WhiteElo "2111"]
[BlackElo "2237"]
[PlyCount "68"]
[EventDate "2005.04.17"]
[EventType "team"]
[EventRounds "11"]
[EventCountry "ENG"]
[SourceDate "2004.09.21"]

1. e4 c5 2. Nf3 Nc6 3. d4 cxd4 4. Nxd4 Nf6 5. Nc3 e5 6. Ndb5 d6 7. Bg5 a6 8.
Na3 b5 9. Bxf6 gxf6 10. Nd5 f5 11. Bxb5 axb5 12. Nxb5 Ra4 13. b4 Qh4 14. O-O
Rg8 15. f4 Kd8 16. c3 Ra6 17. a4 fxe4 18. Ne3 Rg6 19. f5 Rf6 20. Ra2 Qg5 21.
Nc4 Na7 22. Rd2 e3 23. Re2 Bxf5 24. Nxe5 Be6 25. Rxf6 Qxf6 26. Rxe3 Nxb5 27.
axb5 Ra2 28. Nc6+ Kc7 29. Rf3 Qg6 30. Rg3 Qe4 31. Nd4 Bd5 32. Rf3 Bg7 33. Nf5
Re2 34. Qa4 Qb1+ 0-1

[Event "4NCL/Div3/PPA1 vs. WES2"]
[Site "Telford ENG"]
[Date "2005.04.17"]
[Round "8.5"]
[White "Byway, Paul"]
[Black "Ferrington, Nigel M"]
[Result "1-0"]
[WhiteElo "2193"]
[BlackElo "2125"]
[PlyCount "77"]
[EventDate "2005.04.17"]
[EventType "team"]
[EventRounds "11"]
[EventCountry "ENG"]
[SourceDate "2004.09.21"]

1. d4 Nf6 2. Bf4 g6 3. e3 Bg7 4. Nf3 O-O 5. c4 d6 6. h3 Nbd7 7. Nc3 c6 8. Be2
Qe8 9. O-O e5 10. Bh2 Qe7 11. b4 Ne8 12. b5 Kh8 13. bxc6 bxc6 14. Qa4 Bb7 15.
Rab1 Nb6 16. Qa5 c5 17. d5 f5 18. e4 Bc8 19. Rxb6 f4 20. Rfb1 axb6 21. Qxa8 Bd7
22. Rxb6 g5 23. Qa7 Rg8 24. Rb7 Nf6 25. Nd2 Qe8 26. Nb5 Bf8 27. Bg4 Bxg4 28.
hxg4 h5 29. Rf7 Rg6 30. Rb7 Rg8 31. Qb6 Rg6 32. Qc6 Qd8 33. gxh5 Rh6 34. Qc7
Qe8 35. Nxd6 Qxh5 36. Nf7+ Kg7 37. Nxh6+ Kxh6 38. Qf7 Qd1+ 39. Nf1 1-0

[Event "4NCL/Div3/PPA1 vs. WES2"]
[Site "Telford ENG"]
[Date "2005.04.17"]
[Round "8.6"]
[White "Clark, Ian C"]
[Black "Munson, Shaun D"]
[Result "1-0"]
[WhiteElo "2106"]
[BlackElo "2242"]
[PlyCount "153"]
[EventDate "2005.04.17"]
[EventType "team"]
[EventRounds "11"]
[EventCountry "ENG"]
[SourceDate "2004.09.21"]

1. e4 c5 2. Nf3 Nc6 3. d4 cxd4 4. Nxd4 e5 5. Nb5 d6 6. N1c3 a6 7. Na3 Be7 8.
Nc4 Nf6 9. a4 Nxe4 10. Nxe4 d5 11. Be3 dxe4 12. Qxd8+ Kxd8 13. O-O-O+ Ke8 14.
Nb6 Rb8 15. Nd5 Bg4 16. Rd2 Rd8 17. Bc4 Rd7 18. h3 Bh5 19. g4 Bg6 20. Rhd1 Rd8
21. Nc7+ Kf8 22. Rxd8+ Bxd8 23. Rd7 h6 24. Nd5 Kg8 25. Be2 Kh7 26. Rxb7 a5 27.
c3 Bh4 28. Rc7 Rd8 29. Bc4 Nb8 30. Rc5 f5 31. gxf5 Bxf5 32. Rxa5 Bxh3 33. Nc7
Rc8 34. Be6 Bxe6 35. Nxe6 Bf6 36. Ra8 Re8 37. Nc5 h5 38. Nxe4 h4 39. a5 h3 40.
Ng3 Bh4 41. Nh1 Rd8 42. a6 Nxa6 43. Rxa6 Bf6 44. Ra4 Kg6 45. Ng3 Rh8 46. Rg4+
Kf7 47. Nh1 Ke6 48. Rg1 Ra8 49. Kc2 Kd5 50. Ng3 g5 51. Rd1+ Ke6 52. f3 Rh8 53.
Rh1 Be7 54. Ne4 Kf5 55. Nf2 h2 56. Ng4 e4 57. Rxh2 Rxh2+ 58. Nxh2 Bd6 59. fxe4+
Kxe4 60. Bxg5 Bxh2 61. Be7 Be5 62. Bc5 Kd5 63. Bf2 Ke4 64. c4 Bf6 65. b4 Be5
66. Kb3 Bf6 67. Bc5 Kd3 68. b5 Be5 69. Ba7 Bf4 70. Bg1 Be5 71. b6 Ke4 72. Kb4
Bb8 73. Kb5 Kf5 74. Kc6 Ke4 75. Kd7 Bf4 76. c5 Kd5 77. c6 1-0

[Event "4NCL/Div3/PPA1 vs. WES2"]
[Site "Telford ENG"]
[Date "2005.04.17"]
[Round "8.7"]
[White "Rosen, Daniel B"]
[Black "Marsh, Roger"]
[Result "1/2-1/2"]
[WhiteElo "2167"]
[BlackElo "2074"]
[PlyCount "56"]
[EventDate "2005.04.17"]
[EventType "team"]
[EventRounds "11"]
[EventCountry "ENG"]
[SourceDate "2004.09.21"]

1. e4 g6 2. d4 Bg7 3. Nc3 c6 4. f4 d5 5. e5 h5 6. Nf3 Bg4 7. Be3 e6 8. Be2 Bxf3
9. Bxf3 Nh6 10. Qd2 Nd7 11. Bf2 a6 12. O-O Nf5 13. Nd1 Bf8 14. Ne3 Be7 15. Nxf5
gxf5 16. b3 Nf8 17. c4 Ng6 18. cxd5 cxd5 19. Rfc1 h4 20. Be3 O-O 21. Rc2 Qd7
22. Rac1 Rfc8 23. Qa5 Rxc2 24. Rxc2 Rc8 25. Qd2 Rc7 26. Qc1 Bd8 27. Kf2 Qc8 28.
Rxc7 Qxc7 1/2-1/2

[Event "4NCL/Div3/PPA1 vs. WES2"]
[Site "Telford ENG"]
[Date "2005.04.17"]
[Round "8.8"]
[White "Khoo, Selina"]
[Black "Djabri, Kathy"]
[Result "1/2-1/2"]
[WhiteElo "2030"]
[BlackElo "2003"]
[PlyCount "73"]
[EventDate "2005.04.17"]
[EventType "team"]
[EventRounds "11"]
[EventCountry "ENG"]
[SourceDate "2004.09.21"]

1. e4 c5 2. Nf3 Nc6 3. Bb5 e6 4. Bxc6 bxc6 5. d3 d5 6. Nc3 Ba6 7. Bf4 c4 8. d4
Bb4 9. O-O Ne7 10. Qe2 Ng6 11. Bd2 O-O 12. a3 Ba5 13. b4 Bc7 14. Rfb1 Re8 15.
Rd1 Rb8 16. Be3 Bb7 17. Na4 dxe4 18. Nd2 f5 19. Nxc4 Ba6 20. Nc5 Bxc4 21. Qxc4
Qd6 22. g3 Rbc8 23. Qe2 Rf8 24. c4 Qe7 25. d5 exd5 26. cxd5 f4 27. Bc1 cxd5 28.
Rxd5 Bd6 29. Nxe4 Rce8 30. Qa2 Qxe4 31. Re5+ Kh8 32. Rxe4 Rxe4 33. Bxf4 Bxf4
34. gxf4 Nxf4 35. Qb3 Rfe8 36. Kf1 h6 37. Rd1 1/2-1/2

[Event "4NCL/Div3/FCA1 vs. SWD2"]
[Site "Telford ENG"]
[Date "2005.04.17"]
[Round "8.1"]
[White "Macdonald-Ross, Michael"]
[Black "Spice, Alan"]
[Result "1-0"]
[WhiteElo "2206"]
[BlackElo "2182"]
[PlyCount "57"]
[EventDate "2005.04.17"]
[EventType "team"]
[EventRounds "11"]
[EventCountry "ENG"]
[SourceDate "2004.09.21"]

1. d4 e6 2. Nf3 f5 3. g3 Nf6 4. Bg2 Be7 5. O-O O-O 6. c4 d6 7. b3 Qe8 8. Bb2 a5
9. Nc3 Na6 10. Re1 Qh5 11. e4 fxe4 12. Nxe4 Nxe4 13. Rxe4 c6 14. Re3 Bd7 15.
Qd2 Nc7 16. Rc1 b5 17. d5 cxd5 18. cxb5 Nxb5 19. a4 Na7 20. Rc7 Qe8 21. Nd4 Qd8
22. Rxd7 Qxd7 23. Nxe6 Bf6 24. Bxd5 Kh8 25. Bxf6 Rxf6 26. Bxa8 Rxe6 27. Rxe6
Qxe6 28. Qxa5 Qd7 29. Qb6 1-0

[Event "4NCL/Div3/FCA1 vs. SWD2"]
[Site "Telford ENG"]
[Date "2005.04.17"]
[Round "8.2"]
[White "Trevelyan, John"]
[Black "Smith, Graham"]
[Result "1/2-1/2"]
[WhiteElo "2200"]
[BlackElo "2118"]
[PlyCount "63"]
[EventDate "2005.04.17"]
[EventType "team"]
[EventRounds "11"]
[EventCountry "ENG"]
[SourceDate "2004.09.21"]

1. d4 f5 2. g3 Nf6 3. Bg2 g6 4. c4 Bg7 5. Nc3 O-O 6. Nf3 d6 7. O-O Qe8 8. d5
Na6 9. Nd4 Bd7 10. a3 c6 11. dxc6 bxc6 12. b4 c5 13. Nc2 Rb8 14. b5 Nc7 15. Rb1
Ng4 16. Nd5 Nxd5 17. Bxd5+ e6 18. Bg2 Qe7 19. a4 Rfd8 20. e4 Nf6 21. f3 e5 22.
Bg5 h6 23. Bd2 Be6 24. Qe2 Qf7 25. Ne3 f4 26. Nd5 Nxd5 27. cxd5 Bc8 {=} 28.
Rfc1 g5 29. Qf1 h5 30. Qe2 Rf8 31. Rf1 Bf6 32. g4 1/2-1/2

[Event "4NCL/Div3/FCA1 vs. SWD2"]
[Site "Telford ENG"]
[Date "2005.04.17"]
[Round "8.3"]
[White "Ioannides, Milton"]
[Black "Powell, Lloyd"]
[Result "0-1"]
[WhiteElo "2082"]
[BlackElo "2155"]
[PlyCount "68"]
[EventDate "2005.04.17"]
[EventType "team"]
[EventRounds "11"]
[EventCountry "ENG"]
[SourceDate "2004.09.21"]

1. b4 c6 2. c4 d5 3. e3 Nf6 4. Bb2 g6 5. c5 a5 6. a3 Bg7 7. d4 O-O 8. Bd3 e5 9.
Ne2 e4 10. Bc2 axb4 11. axb4 Rxa1 12. Bxa1 Na6 13. Bc3 Nc7 14. Na3 h5 15. Qb1
Ng4 16. h3 Nh6 17. b5 Qg5 18. bxc6 bxc6 19. Nf4 Ne6 20. h4 Qf6 21. g3 Nxf4 22.
gxf4 Nf5 23. Bxe4 dxe4 24. Qxe4 Nxh4 25. Rxh4 Qxh4 26. Qxc6 Qg4 27. f3 Qg1+ 28.
Ke2 Bh3 29. Be1 Bf1+ 30. Kd2 Qg2+ 31. Kc3 Rb8 32. Nc2 Qe2 33. Qe4 f5 34. Qd5+
Kh7 0-1

[Event "4NCL/Div3/FCA1 vs. SWD2"]
[Site "Telford ENG"]
[Date "2005.04.17"]
[Round "8.4"]
[White "May, Frank"]
[Black "Fraser-Mitchell, Jeremy"]
[Result "1/2-1/2"]
[WhiteElo "2144"]
[BlackElo "2101"]
[PlyCount "67"]
[EventDate "2005.04.17"]
[EventType "team"]
[EventRounds "11"]
[EventCountry "ENG"]
[SourceDate "2004.09.21"]

1. d4 f5 2. g3 Nf6 3. Bg2 g6 4. Nf3 Bg7 5. O-O O-O 6. c4 d6 7. Nc3 Qe8 8. d5
Na6 9. Nd4 Bd7 10. b3 c6 11. Bb2 Rb8 12. e3 Nc7 13. Qd2 c5 14. Nde2 b5 15. Rac1
Qf7 16. cxb5 Nxb5 17. Rfd1 Ne4 18. Nxe4 Bxb2 19. Qxb2 fxe4 20. Nc3 Nxc3 21.
Rxc3 Bg4 22. Rd2 Bf3 23. Rc4 Bxg2 24. Kxg2 Qf3+ 25. Kg1 Rf5 26. Qc2 Re5 27. Qd1
Qxd1+ 28. Rxd1 Rb5 29. Ra4 a5 30. Kg2 Kf7 31. f4 exf3+ 32. Kxf3 e6 33. dxe6+
Kxe6 34. e4 1/2-1/2

[Event "4NCL/Div3/FCA1 vs. SWD2"]
[Site "Telford ENG"]
[Date "2005.04.17"]
[Round "8.5"]
[White "Reuben, Stewart"]
[Black "Brown, Alan M"]
[Result "1/2-1/2"]
[WhiteElo "2142"]
[BlackElo "2136"]
[PlyCount "68"]
[EventDate "2005.04.17"]
[EventType "team"]
[EventRounds "11"]
[EventCountry "ENG"]
[SourceDate "2004.09.21"]

1. c4 Nf6 2. g3 c5 3. Bg2 d5 4. cxd5 Nxd5 5. Nc3 Nxc3 6. bxc3 Nc6 7. d3 g6 8.
Be3 Bg7 9. Qd2 Qa5 10. Rc1 O-O 11. Nf3 Rd8 12. O-O Be6 13. Ng5 Bd5 14. Ne4 c4
15. d4 Qc7 16. Bf4 Qc8 17. Bh6 Bh8 18. Qf4 f5 19. Nd2 Bxg2 20. Kxg2 b5 21. Nf3
Rd5 22. e4 fxe4 23. Ng5 Qf5 24. Qxe4 {=} Qxe4+ 25. Nxe4 e5 26. dxe5 Nxe5 27.
Rc2 Nd3 28. Rb1 a6 29. f3 Re8 30. Kf1 Rde5 31. h4 Bg7 32. Bxg7 Kxg7 33. Ra1 Rf8
34. Kg2 Rfe8 1/2-1/2

[Event "4NCL/Div3/FCA1 vs. SWD2"]
[Site "Telford ENG"]
[Date "2005.04.17"]
[Round "8.6"]
[White "Sully, David"]
[Black "Freeman, Richard C P"]
[Result "1/2-1/2"]
[WhiteElo "2130"]
[BlackElo "2117"]
[PlyCount "33"]
[EventDate "2005.04.17"]
[EventType "team"]
[EventRounds "11"]
[EventCountry "ENG"]
[SourceDate "2004.09.21"]

1. d4 g6 2. e4 Bg7 3. Nc3 c6 4. Nf3 d5 5. e5 Nh6 6. Be2 O-O 7. O-O f6 8. exf6
exf6 9. Bd3 b6 10. Re1 Re8 11. Rxe8+ Qxe8 12. h3 Ba6 {=} 13. Bf4 Qd8 14. Qd2
Bxd3 15. Qxd3 Nf7 16. Re1 Nd7 17. Qe2 1/2-1/2

[Event "4NCL/Div3/FCA1 vs. SWD2"]
[Site "Telford ENG"]
[Date "2005.04.17"]
[Round "8.7"]
[White "Kendall, Paul S N"]
[Black "Miles, Richard"]
[Result "1/2-1/2"]
[WhiteElo "2064"]
[BlackElo "2045"]
[PlyCount "33"]
[EventDate "2005.04.17"]
[EventType "team"]
[EventRounds "11"]
[EventCountry "ENG"]
[SourceDate "2004.09.21"]

1. e4 c5 2. Nf3 d6 3. Bb5+ Bd7 4. Bxd7+ Qxd7 5. c4 Nc6 6. O-O g6 7. d4 cxd4 8.
Nxd4 Bg7 9. Be3 Nf6 10. f3 O-O 11. Nc3 Rac8 12. b3 Qc7 13. Rc1 Qa5 14. Qd2 Rfe8
15. Rfd1 a6 16. Qb2 Nd7 17. Qf2 1/2-1/2

[Event "4NCL/Div3/FCA1 vs. SWD2"]
[Site "Telford ENG"]
[Date "2005.04.17"]
[Round "8.8"]
[White "Wilson, Julie"]
[Black "Chidi, Silvia"]
[Result "1/2-1/2"]
[WhiteElo "1944"]
[BlackElo "1905"]
[PlyCount "61"]
[EventDate "2005.04.17"]
[EventType "team"]
[EventRounds "11"]
[EventCountry "ENG"]
[SourceDate "2004.09.21"]

1. d4 d5 2. c4 Nf6 3. Nf3 e6 4. Nc3 Be7 5. Bf4 a6 6. e3 O-O 7. h3 dxc4 8. Bxc4
b5 9. Bd3 Bb7 10. O-O Nbd7 11. Rc1 Rc8 12. a3 Bd6 13. Bxd6 cxd6 14. e4 e5 15.
d5 Nc5 16. Bc2 Rc7 17. Nd2 g6 18. Qe2 Nh5 19. Qe3 Kg7 20. Ne2 Qe7 21. f4 exf4
22. Nxf4 Nf6 23. Rfe1 Ncd7 24. Nf3 Rfc8 25. Nd4 Kg8 26. b4 Ne5 27. Nfe2 Nc4 28.
Qd3 Ne5 29. Qe3 Nc4 30. Qf3 Qe5 31. Qd3 1/2-1/2

[Event "4NCL/Div3/SCS1 vs. ATH"]
[Site "Telford ENG"]
[Date "2005.04.17"]
[Round "8.1"]
[White "Dickinson, Timothy R"]
[Black "Spreeuw, Jaap"]
[Result "1-0"]
[WhiteElo "2176"]
[BlackElo "2306"]
[PlyCount "81"]
[EventDate "2005.04.17"]
[EventType "team"]
[EventRounds "11"]
[EventCountry "ENG"]
[SourceDate "2004.09.21"]

1. Nc3 d5 2. e4 dxe4 3. d3 exd3 4. Bxd3 Nf6 5. Bg5 Bg4 6. Qd2 Nbd7 7. f3 Bh5 8.
O-O-O c6 9. Qf4 Qa5 10. Qh4 O-O-O 11. g4 Bg6 12. Bxg6 fxg6 13. Bd2 e5 14. g5
Nd5 15. Nge2 N7b6 16. Qg4+ Kc7 17. Nxd5+ Qxd5 18. Bc3 Qxa2 19. Bxe5+ Bd6 20.
Rxd6 Rxd6 21. Bxd6+ Kxd6 22. Qd4+ Nd5 23. Nc3 Qa1+ 24. Nb1 b5 25. Re1 Rd8 26.
Qxg7 Qa4 27. Re4 Qa6 28. Nc3 b4 29. Qe5+ Kc5 30. Qd4+ Kd6 31. Nxd5 Qf1+ 32. Kd2
Qg2+ 33. Kd3 Qxf3+ 34. Kc4 Qf1+ 35. Kb3 cxd5 36. Qxb4+ Kc6 37. Re6+ Kc7 38.
Qa5+ Kd7 39. Qxd5+ Kc8 40. Rc6+ Kb7 41. Rd6+ 1-0

[Event "4NCL/Div3/SCS1 vs. ATH"]
[Site "Telford ENG"]
[Date "2005.04.17"]
[Round "8.2"]
[White "Quinn, John M"]
[Black "Reynolds, D Ian"]
[Result "1/2-1/2"]
[WhiteElo "2157"]
[BlackElo "2101"]
[PlyCount "43"]
[EventDate "2005.04.17"]
[EventType "team"]
[EventRounds "11"]
[EventCountry "ENG"]
[SourceDate "2004.09.21"]

1. d4 Nf6 2. c4 e6 3. Nc3 Bb4 4. Qc2 d5 5. cxd5 Qxd5 6. Nf3 Qf5 7. Qxf5 exf5 8.
a3 Be7 9. Bf4 c6 10. Rc1 Be6 11. e3 Nbd7 12. h4 g6 13. Be2 h5 14. O-O O-O {=}
15. Ng5 Nd5 16. Nxd5 Bxd5 17. f3 Rfe8 18. Bd3 Bf6 19. Kh1 Nf8 20. Rfe1 Ne6 21.
Nxe6 Rxe6 22. Bg3 1/2-1/2

[Event "4NCL/Div3/SCS1 vs. ATH"]
[Site "Telford ENG"]
[Date "2005.04.17"]
[Round "8.3"]
[White "Hawrami, Dana"]
[Black "Stevenson, James A B"]
[Result "1/2-1/2"]
[WhiteElo "2057"]
[BlackElo "2092"]
[PlyCount "47"]
[EventDate "2005.04.17"]
[EventType "team"]
[EventRounds "11"]
[EventCountry "ENG"]
[SourceDate "2004.09.21"]

1. d4 Nf6 2. c4 e6 3. Nf3 b6 4. g3 Bb7 5. Bg2 Be7 6. O-O O-O 7. Nc3 Ne4 8. Qc2
Nxc3 9. Qxc3 f5 10. b3 Bf6 11. Bb2 d6 12. Qd2 Qe7 13. Rac1 c5 14. dxc5 dxc5 15.
Bxf6 Qxf6 16. Rfd1 Nc6 17. Qe3 Qe7 18. Rd2 Rad8 19. Rcd1 Rxd2 20. Rxd2 Rd8 21.
Ng5 Rxd2 22. Qxd2 Nd8 23. Bxb7 Nxb7 24. f4 1/2-1/2

[Event "4NCL/Div3/SCS1 vs. ATH"]
[Site "Telford ENG"]
[Date "2005.04.17"]
[Round "8.4"]
[White "McKeown, Paul"]
[Black "Moyse, Nigel"]
[Result "0-1"]
[WhiteElo "2095"]
[BlackElo "2054"]
[PlyCount "85"]
[EventDate "2005.04.17"]
[EventType "team"]
[EventRounds "11"]
[EventCountry "ENG"]
[SourceDate "2004.09.21"]

1. d4 Nf6 2. c4 g6 3. Nc3 Bg7 4. e4 d6 5. Nf3 O-O 6. Be2 Nbd7 7. O-O e5 8. Be3
Ng4 9. Bg5 f6 10. Bc1 c6 11. b4 Qe7 12. d5 c5 13. bxc5 Nxc5 14. h3 Nh6 15. Nd2
f5 16. exf5 gxf5 17. Nb3 b6 18. Nxc5 bxc5 19. Rb1 e4 20. Qc2 Nf7 21. f4 Bd4+
22. Kh2 Bd7 23. Nd1 Rab8 24. Rxb8 Rxb8 25. Ne3 Qf6 26. Qd2 Bc3 27. Qc2 {=} Rb4
28. Nd1 Bd4 29. a3 Ba4 30. Qd2 Rb1 31. Bh5 Bb3 32. Be2 h5 33. Qa5 Rxc1 34. Qxa7
Qg6 35. Qb8+ Kg7 36. Qxb3 h4 37. a4 Ra1 38. a5 Rxa5 39. Nf2 Qg3+ 40. Qxg3+
hxg3+ 41. Kxg3 Ra3+ 42. Kh4 Ra2 43. Bg4 0-1